| 000 | 00508 a2200169 4500 | ||
|---|---|---|---|
| 005 | 20260330110416.0 | ||
| 008 | 260205b |||||||| |||| 00| 0 eng d | ||
| 020 | _a9789350721681 | ||
| 080 |
_a811.214.21=H _bMIS/B |
||
| 100 | _a Mishra, Dayanidhi;ed.by | ||
| 245 | _aBhasha, sanskriti aur lok(भाषा, संस्कृति और लोक) | ||
| 260 |
_bVani Prakashan. _aNew Delhi. _c2015. |
||
| 300 | _a204p. | ||
| 653 | _aLinguistics-Hindi Language | ||
| 700 | _aDilip Singh | ||
| 942 | _cOO | ||
| 999 |
_c114113 _d114112 |
||